000 00251nam a2200109Ia 4500
008 190216s9999||||xx |||||||||||||| ||und||
100 _aTandom B N
245 0 _aPrinciples Of Marcantile Law
260 _bS Chand & Co
650 _aCommerce
942 _cBK
999 _c4996
_d4996